00548 2200205 4500001002100000005001700021006001900038008004100057020002200098035002500120090001500145100001700160245004200177260003800219990001700257990001700274990001700291990001700308990001700325INLIS00000000000837120140307113700.0a ||| | 180719| ||| |  a978-979-29-3237-9 a0010-081300000000008 a004.65 - n0 aNikodemus WK00aNetwork Hackng dengan Linux BackTrack aYogyakartabC.V ANDI OFFSETc2012 a8536/PN/2013 a8896/PN/2013 a8536/PN/2013 a8536/PN/2013 a8896/PN/2013